000 00339nam a2200133Ia 4500
008 240624s9999 xx 000 0 und d
041 _aeng
082 _a158.3072 WRI
100 _aWRIGHT ROBERT J
245 _aRESEARCH METHODS FOR COUNSELING AN INTRO
260 _c2014
_aLondon
_bSage
300 _axxi, 597 p.; 23 cm.
365 _c
_b38
999 _c30629
_d30629